Indirect Taxes Law and Practice/ (Record no. 28399)
[ view plain ]
| 000 -LEADER | |
|---|---|
| fixed length control field | 00835nam a22002057a 4500 |
| 008 - FIXED-LENGTH DATA ELEMENTS--GENERAL INFORMATION | |
| fixed length control field | 090718t xxu||||| |||| 00| 0 eng d |
| 010 ## - LCCN (DPL NO) | |
| LC control number | B-276970 |
| 035 ## - SYSTEM CONTROL NUMBER | |
| System control number | B-276970 |
| 037 ## - SOURCE OF ACQUISITION | |
| Stock number | UBH |
| Source of stock number/acquisition | RP/CL/E.5/ENG/8.05.08/25.06.08/28.06.08 |
| 040 ## - CATALOGING SOURCE | |
| Original cataloging agency | dpl |
| Language of cataloging | eng |
| 082 ## - DEWEY DECIMAL CLASSIFICATION NUMBER | |
| Classification number | 336.294 |
| 100 ## - MAIN ENTRY--PERSONAL NAME | |
| Personal name | Datey, V. S. |
| 245 ## - TITLE STATEMENT | |
| Title | Indirect Taxes Law and Practice/ |
| Remainder of title | by V. S. Datey |
| 260 ## - PUBLICATION, DISTRIBUTION, ETC. (IMPRINT) | |
| Place of publication, distribution, etc | New Delhi |
| Name of publisher, distributor, etc | Tax Mann Publications |
| Date of publication, distribution, etc | 2008 |
| 270 ## - ADDRESS | |
| Address | New Delhi |
| City | New Delhi |
| 300 ## - PHYSICAL DESCRIPTION | |
| Extent | 901p |
| Dimensions | 24cm |
| 942 ## - ADDED ENTRY ELEMENTS (KOHA) | |
| Source of classification or shelving scheme | Dewey Decimal Classification |
| Item type | English Books |
| Classification part | 336.294 |
| Call number suffix | DAT |
| Withdrawn status | Lost status | Source of classification or shelving scheme | Damaged status | Not for loan | Home library | Current library | Date acquired | Source of acquisition | Cost, normal purchase price | Total Checkouts | Full call number | Barcode | Date last seen | Copy number | Cost, replacement price | Koha item type |
|---|---|---|---|---|---|---|---|---|---|---|---|---|---|---|---|---|
| Dewey Decimal Classification | Central Library | Central Library | 28/06/2008 | RP/CL/E;5/8-05.08/28-06-08 | 425.00 | 336.294 DAT | B-276970 | 18/07/2009 | 1 | 425.00 | English Books |
